International Monetary Fund Annual Report 2020.

International Monetary Fund Annual Report 2020.

Detalles Bibliográficos
Autor Corporativo: International Monetary Fund. Secretary's Department
Formato: Revista
Lenguaje:English
Publicado: Washington, D.C. : International Monetary Fund, 2020.
Colección:Annual Report of the Executive Board
Materias:
Acceso en línea:Full text available on IMF
LEADER 01324cas a2200289 a 4500
001 AALejournalIMF020853
008 230101c9999 xx r poo 0 0eng d
020 |z 9781513539829 
022 |a 2227-8923 
040 |a BD-DhAAL  |c BD-DhAAL 
110 2 |a International Monetary Fund.  |b Secretary's Department. 
240 1 0 |a International Monetary Fund Annual Report 2020.  |l Arabic 
245 1 0 |a International Monetary Fund Annual Report 2020. 
264 1 |a Washington, D.C. :  |b International Monetary Fund,  |c 2020. 
300 |a 1 online resource (68 pages) 
490 1 |a Annual Report of the Executive Board 
500 |a <strong>Off-Campus Access:</strong> No User ID or Password Required 
500 |a <strong>On-Campus Access:</strong> No User ID or Password Required 
506 |a Electronic access restricted to authorized BRAC University faculty, staff and students 
520 3 |a International Monetary Fund Annual Report 2020. 
538 |a Mode of access: Internet 
650 7 |a International Agreements  |2 imf 
650 7 |a International Organizations  |2 imf 
650 7 |a Monetary Policy  |2 imf 
650 7 |a Observance  |2 imf 
830 0 |a Annual Report of the Executive Board 
856 4 0 |z Full text available on IMF  |u http://elibrary.imf.org/view/books/011/28936-9781513539829-ar/28936-9781513539829-ar-book.xml  |z IMF e-Library